[Event "EU-ch Amateur U1700"]
[Site "Rhodes"]
[Date "2019.04.11"]
[Round "6.1"]
[White "Stathatos, Alexandros"]
[Black "Ruzic, Milos"]
[Result "1/2-1/2"]
[WhiteElo "1184"]
[BlackElo "1674"]
[PlyCount "57"]
[EventDate "2019.04.06"]
[EventType "swiss"]
[EventRounds "9"]
[EventCountry "GRE"]
[SourceTitle "EXT 2024"]
[Source "ChessBase"]
[SourceDate "2023.10.10"]
[SourceVersion "1"]
[SourceVersionDate "2023.10.10"]
[SourceQuality "1"]

1. e4 d6 2. d4 Nf6 3. Nc3 g6 4. Be3 c6 5. Qd2 Bg7 6. f3 0-0 7. 0-0-0 Re8 8. g4 Qc7 9. h4 h5 10. gxh5 Nxh5 11. Nge2 Nd7 12. Rg1 e5 13. d5 Bf8 14. Bh6 Ng7 15. Bxg7 Bxg7 16. h5 Nf8 17. Ng3 Qb6 18. Bc4 c5 19. Rh1 Qd8 20. Bb5 Bd7 21. Bxd7 Qxd7 22. h6 Bf6 23. Rdg1 Kh7 24. Qg2 a6 25. Nh5 Bh8 26. Ng7 Re7 27. Nf5 Ree8 28. Ng7 Re7 29. Nf5 1/2-1/2